[Event "Oberliga Sued W 1314"]
[Site "Germany"]
[Date "2014.01.19"]
[Round "5.4"]
[White "Cremer, Kevin"]
[Black "Weyerhauser, Joerg"]
[Result "1/2-1/2"]
[WhiteElo "2177"]
[BlackElo "2112"]
[PlyCount "28"]
[EventDate "2013.10.13"]
[EventType "team-tourn"]
[EventRounds "9"]
[EventCountry "GER"]
[SourceTitle "EXT 2015"]
[Source "ChessBase"]
[SourceDate "2014.11.20"]
[SourceVersion "1"]
[SourceVersionDate "2014.11.20"]
[SourceQuality "1"]
[WhiteTeam "Schott Mainz II"]
[BlackTeam "Gau Algesheim"]
[WhiteTeamCountry "GER"]
[BlackTeamCountry "GER"]

1. Nf3 Nf6 2. a3 g6 3. d4 d5 4. c3 Bg7 5. Bg5 c6 6. Nbd2 h6 7. Bh4 Bf5 8. h3 Nbd7 9. g4 Be4 10. Bg3 Qb6 11. Qc1 c5 12. e3 Rc8 13. Be2 cxd4 14. exd4 0-0 1/2-1/2

[Event "SUI-chT"]
[Site "Switzerland"]
[Date "2010.11.06"]
[Round "8.4"]
[White "Duport, Nicolas"]
[Black "Cremer, Kevin"]
[Result "1-0"]
[WhiteElo "2142"]
[BlackElo "2110"]
[PlyCount "53"]
[EventDate "2010.02.14"]
[EventType "team-tourn"]
[EventRounds "9"]
[EventCountry "SUI"]
[SourceTitle "EXT 2011"]
[Source "ChessBase"]
[SourceDate "2010.11.26"]
[SourceVersion "1"]
[SourceVersionDate "2010.11.26"]
[SourceQuality "1"]
[WhiteTeam "Geneve"]
[BlackTeam "Tribschen"]
[WhiteTeamCountry "SUI"]
[BlackTeamCountry "SUI"]

1. g3 Nf6 2. Bg2 d5 3. d3 c6 4. Nf3 g6 5. 0-0 Bg7 6. Nbd2 0-0 7. e4 Nbd7 8. Re1 dxe4 9. dxe4 Nc5 10. e5 Nd5 11. Nb3 Nxb3 12. axb3 Qc7 13. Bd2 Bg4 14. Qe2 a5 15. h3 Bd7 16. Ra4 c5 17. Rh4 h5 18. Ng5 Nb4 19. e6 f6 20. exd7 fxg5 21. Qe6+ Rf7 22. Bxg5 Nxc2 23. Bd5 Raf8 24. Qxg6 Nxe1 25. Rxh5 Nf3+ 26. Kh1 Nxg5 27. Rxg5 1-0